{"text_format":"3","workbook":"xlsx","n_sheets":4,"sheets":["8","9","10","11"],"not_rendered":{"defined_names":4},"read":"whole","date_system":"1900"}

{"sheet":"8","index":0,"n_rows":21,"n_cols":14,"rows_kept":21,"merged":[[0,0,0,13]]}
["Протокол по итогам муниципального этапа РОШ по предмету \"Экономика\" Нижнекамского муниципального района в 2024-2025 учебном году"]
[]
["№","Фамилия","Имя","Отчество","Пол","Класс","Класс участия","первичный балл","Добавлено по итогам апелляции","Итоговый балл","Макс. балл","Статус","Призер РЭ прошлого года","Учитель"]
[1,"Зимирев","Артур","Евгеньевич","м",8,8,79,3,82,100,"победитель",null,"Ильясов Айнур Ильясович"]
[2,"Якимов","Максим","Максимович","м",8,8,80,null,80,100,"призер",null,"Ильясов Айнур Ильясович"]
[3,"Шандыров","Роман","Витальевич","м",8,8,71,null,71,100,"призер",null,"Ильясов Айнур Ильясович"]
[4,"Мухаметшин","Давид","Рустамович","м",8,8,71,null,71,100,"призер",null,"Ильясов Айнур Ильясович"]
[5,"Баянов","Андрей","Владимирович","м",8,8,67,null,67,100,"участник","да","Ильясов Айнур Ильясович"]
[6,"Проскурина","Екатерина","Петровна","ж",8,8,60,null,60,100,"участник",null,"Степанов Бронислав Анатольевич"]
[7,"Садыкова","Альмира","Ильдаровна","ж",8,8,55,null,55,100,"участник",null,"Ибрагимова Эльмира Шафиковна"]
[8,"Артемьев","Артем","Романович","м",8,8,55,null,55,100,"участник",null,"Ильясов Айнур Ильясович"]
[9,"Аллун","Ильяс","Фейсалович","м",7,8,53,null,53,100,"участник",null,"Ильясов Айнур Ильясович"]
[10,"Устинов","Олег","Дмитриевич","м",8,8,50,null,50,100,"участник",null,"Нургалиева Диана Николаевна"]
[11,"Гатин","Ислам","Русланович","м",8,8,39,null,39,100,"участник",null,"Нургалиева Диана Николаевна"]
[12,"Набиуллин","Амир","Ильмирович","м",7,8,37,null,37,100,"участник",null,"Ильясов Айнур Ильясович"]
[13,"Султанова","Айзиля","Ильнуровна","ж",8,8,34,null,34,100,"участник",null,"Халиуллина Алсу Талгатовна"]
[14,"Бикулов","Степан","Александрович","м",8,8,29,null,29,100,"участник",null,"Ильясов Айнур Ильясович"]
[15,"Саматов","Амир","Ринатович","м",8,8,22,null,22,100,"участник",null,"Услугина Светлана Петровна"]
[16,"Хамитова","Лилия","Рафаиловна","ж",8,8,20,null,20,100,"участник",null,"Халиуллина Алсу Талгатовна"]
[17,"Кагирова","Азалия","Хафизовна","ж",8,8,15,null,15,100,"участник",null,"Пичугина Дарья Александровна"]
[18,"Минигалиев","Матвей","Григорьевич","м",8,8,4,null,4,100,"участник",null,"Бакшаев Сергей Адольфович"]

{"sheet":"9","index":1,"n_rows":25,"n_cols":14,"rows_kept":25,"merged":[[0,0,0,13]]}
["Протокол по итогам муниципального этапа ВСОШ по предмету \"Экономика\" Нижнекамского муниципального района в 2024-2025 учебном году"]
[]
["№","Фамилия","Имя","Отчество","Пол","Класс","Класс участия","первичный балл","Добавлено по итогам апелляции","Итоговый балл","Макс. балл","Статус","Призер РЭ прошлого года","Учитель"]
[1,"Никонов","Михаил","Алексеевич","м",9,9,90,null,90,100,"победитель","да","Ильясов Айнур Ильясович"]
[2,"Анисимов","Павел","Арсеньевич","м",9,9,85,null,85,100,"призер","да","Ильясов Айнур Ильясович"]
[3,"Малыгин","Егор","Евгеньевич","м",9,9,83,2,85,100,"призер","да","Ильясов Айнур Ильясович"]
[4,"Николаев","Михаил","Андреевич","м",9,9,82,3,85,100,"призер","да","Ильясов Айнур Ильясович"]
[5,"Калимуллин","Амир","Наилович","м",9,9,81,null,81,100,"участник",null,"Ильясов Айнур Ильясович"]
[6,"Чернышев","Илья","Александрович","м",9,9,80,null,80,100,"участник","да","Ильясов Айнур Ильясович"]
[7,"Ибатуллин","Амир","Азатович","м",9,9,74,3,77,100,"участник","да","Ильясов Айнур Ильясович"]
[8,"Евсеев","Глеб","Евгеньевич","м",9,9,72,2,74,100,"участник",null,"Афиногентова Ангелина Александровна"]
[9,"Биктагиров","Камиль","Вахитович","м",9,9,70,null,70,100,"участник","да","Ильясов Айнур Ильясович"]
[10,"Упаев","Семён","Альбертович","м",9,9,66,null,66,100,"участник",null,"Ильясов Айнур Ильясович"]
[11,"Мугизов","Ильдар","Ахтямович","м",9,9,53,4,57,100,"участник",null,"Ильясов Айнур Ильясович"]
[12,"Шакиров","Камиль","Маратович","м",9,9,55,null,55,100,"участник",null,"Афиногентова Ангелина Александровна"]
[13,"Гилязова","Аделя","Ильгамовна","ж",9,9,34,null,34,100,"участник",null,"Лукавченко Ксения Михайловна"]
[14,"Шакиров","Алим","Земфирович","м",9,9,31,null,31,100,"участник",null,"Ильясов Айнур Ильясович"]
[15,"Гатин","Тимур","Фаритович","ж",9,9,24,null,24,100,"участник",null,"Шакирова Эндже Каримовна"]
[16,"Федосеев","Матвей","Анатольевич","м",9,9,16,null,16,100,"участник",null,"Афиногентова Ангелина Александровна"]
[17,"Единая","Анна","Васильевна","ж",9,9,13,null,13,100,"участник",null,"Юганова Евгения Михаловна"]
[18,"Кочнева","Варвара","Владимировна","ж",9,9,8,null,8,100,"участник",null,"Обуховская Ирина Николаевна"]
[19,"Гильманова","Эльвина","Ильдаровна","ж",9,9,6,null,6,100,"участник",null,"Даулетов Ильназ Илусович"]
[20,"Шакирова","Илина","Ильдаровна","ж",9,9,6,null,6,100,"участник",null,"Алимов Виталий Шамильевич"]
[21,"Рахматуллина","Жасмин","Ильфаковна","ж",9,9,4,null,4,100,"участник",null,"Обуховская Ирина Николаевна"]
[22,"Гилязова","Нурзиля","Азатовна","ж",9,9,2,null,2,100,"участник",null,"Валиева Елена Анатольевна"]

{"sheet":"10","index":2,"n_rows":27,"n_cols":14,"rows_kept":27,"merged":[[0,0,0,13]]}
["Протокол по итогам муниципального этапа ВСОШ по предмету \"Экономика\" Нижнекамского муниципального района в 2024-2025 учебном году"]
[]
["№","Фамилия","Имя","Отчество","Пол","Класс","Класс участия","Первичный балл","Добавлено по итогам апелляции","Итоговый балл","Макс. балл","Статус","Призер МЭ прошлого года","Учитель"]
[1,"Ильин","Дмитрий","Викторович","м",10,10,89,null,89,100,"победитель",null,"Ильясов Айнур Ильясович"]
[2,"Аллун","Абдульбари","Фейсал","м",10,10,79,null,79,100,"призер","Да","Ильясов Айнур Ильясович"]
[3,"Галиев","Рашид","Русланович","м",10,10,56,16,72,100,"призер",null,"Ильясов Айнур Ильясович"]
[4,"Кашапов","Арсен","Русланович","м",10,10,71,null,71,100,"призер",null,"Ильясов Айнур Ильясович"]
[5,"Тазеев","Ильшат","Илдарович","м",10,10,71,null,71,100,"призер",null,"Ильясов Айнур Ильясович"]
[6,"Волкова","Дина","Вячеславовна","ж",10,10,57,null,57,100,"участник",null,"Ахметзянова Ольга Евгеньевна"]
[7,"Янкин","Артём","Алексеевич","м",10,10,48,null,48,100,"участник",null,"Савельева Ольга Ивановна"]
[8,"Шабуров","Тимур","Ринатович","м",10,10,41,null,41,100,"участник",null,"Ильясов Айнур Ильясович"]
[9,"Биктимиров","Владислав","Олегович","м",10,10,27,null,27,100,"участник",null,"Ахметзянова Ольга Евгеньевна"]
[10,"Джангидзе","Мариам","Зурабовна","ж",10,10,27,null,27,100,"участник",null,"Ахметзянова Ольга Евгеньевна"]
[11,"Хуснутдинов","Ильяс","Наилевич","м",10,10,27,null,27,100,"участник",null,"Галимова Лилия Абраровна"]
[12,"Дрепа","Ксения","Сергеевна","ж",10,10,22,null,22,100,"участник",null,"Ахметзянова Ольга Евгеньевна"]
[13,"Чернова","Софья","Александровна","ж",10,10,21,null,21,100,"участник",null,"Услугина Светлана Петровна"]
[14,"Андриянова","Софья","Алексеевна","ж",10,10,15,null,15,100,"участник",null,"Валиева Елена Анатольевна"]
[15,"Башарова","Алия","Ильшатовна","ж",10,10,15,null,15,100,"участник",null,"Обуховская Ирина Николаевна"]
[16,"Музипова","Амира","Айнуровна","ж",10,10,12,null,12,100,"участник",null,"Шакирова Эндже Каримовна"]
[17,"Гималтдинова","Малика","Маратовна","ж",10,10,10,null,10,100,"участник",null,"Обуховская Ирина Николаевна"]
[18,"Сельскова","Арина","Дмитриевна","ж",10,10,9,null,9,100,"участник",null,"Гончарова Альбина Анатольевна"]
[19,"Вершинина","Анна","Андреевна","ж",10,10,9,null,9,100,"участник",null,"Валиева Елена Анатольевна"]
[20,"Дувалова","Анастасия","Александровна","ж",10,10,9,null,9,100,"участник",null,"Ахмерова Динара Рафиковна"]
[21,"Сигаев","Кирилл","Елисеевич","ж",10,10,7,null,7,100,"участник",null,"Гончарова Альбина Анатольевна"]
[22,"Сафина","Аделина","Рузельевна","ж",10,10,6,null,6,100,"участник",null,"Ахмерова Динара Рафиковна"]
[23,"Плетнев","Егор","Алексеевич","м",10,10,4,null,4,100,"участник",null,"Галимова Лилия Абраровна"]
[24,"Храмова","Елизавета","Алексеевна","ж",10,10,2,null,2,100,"участник",null,"Пичугина Дарья Александровна"]

{"sheet":"11","index":3,"n_rows":18,"n_cols":14,"rows_kept":18,"merged":[[0,0,0,13]]}
["Протокол по итогам муниципального этапа ВСОШ по предмету \"экономика\" Нижнекамского муниципального района в 2024-2025 учебном году"]
[]
["№","Фамилия","Имя","Отчество","Пол","Класс","Класс участия","Первичный балл","Добавлено по итогам апелляции","Итоговый балл","Макс. балл","Статус","Призер РЭ прошлого года","Учитель"]
[1,"Обманщин","Евгений","Алексеевич","м",11,11,84,null,84,100,"победитель",null,"Ильясов Айнур Ильясович"]
[2,"Сипайлов","Кирилл","Евгеньевич","м",11,11,73,null,73,100,"призер",null,"Булычева Светлана Владимировна"]
[3,"Закирова","Тамила","Ленаровна","ж",11,11,60,null,60,100,"участник",null,"Бакшаев Сергей Адольфович"]
[4,"Юнусов","Динар","Расимович","м",11,11,36,null,36,100,"участник",null,"Гиниятуллина Альфия Танзилевна"]
[5,"Натуралов","Станислав","Викторович","м",11,11,35,null,35,100,"участник",null,"Кириллова Юлия Анатольевна"]
[6,"Насибуллина","Лиана","Маратовна","ж",11,11,29,null,29,100,"участник",null,"Кириллова Юлия Анатольевна"]
[7,"Резцов","Илья","Андреевич","м",11,11,26,null,26,100,"участник",null,"Ахмерова Динара Рафиковна"]
[8,"Губеев","Максим","Валентинович","м",11,11,22,null,22,100,"участник",null,"Гиждеван Елена Александровна"]
[9,"Камалиев","Булат","Радикович","м",11,11,19,null,19,100,"участник",null,"Шакирова Эндже Каримовна"]
[10,"Мухамадиева","Амира","Руслановна","ж",11,11,15,null,15,100,"участник",null,"Ахмерова Динара Рафиковна"]
[11,"Кунгурова","Алиса","Александровна","ж",11,11,11,null,11,100,"участник",null,"Ельцова Ирина Викторовна"]
[12,"Петрова","Анастасия","Александровна","ж",11,11,10,null,10,100,"участник",null,"Обуховская Ирина Николаевна"]
[13,"Шарифуллина","Диляра","Айратовна","ж",11,11,9,null,9,100,"участник",null,"Кириллова Юлия Анатольевна"]
[14,"Мелешина","Виктория","Андреевна","ж",11,11,7,null,7,100,"участник",null,"Степанов Бронислав Анатольевич"]
[15,"Крюкова","Анастасия","Александровна","ж",11,11,7,null,7,100,"участник",null,"Обуховская Ирина Николаевна"]